Reverse Dictionary #17 - Statistics

General Stats
  • This quiz has been taken 71 times
  • The average score is 21 of 25
Answer Stats
Definition First Letter Word % Correct
A formal, rhythmic way of walking, used especially by soldiers, bands and in ceremonies. M March
97%
A projectile, usually of metal, shot from a gun at high speed. B Bullet
95%
The flexible muscular organ in the mouth that is used to move food around, for tasting and that is moved into various positions to modify the flow of air from the lungs in order to produce different sounds in speech. T Tongue
95%
A reference work with a list of words from one or more languages, normally ordered alphabetically, explaining each word's meanings (senses), and sometimes also containing information on its etymology, pronunciation, usage, semantic relations, and translations, as well as other data. D Dictionary
93%
Physically elevated, extending above a base or average level. H High
93%
The person lawfully in command of a ship or other vessel. C Captain
92%
To move to a lower position under the effect of gravity. F Fall
92%
The body of binding rules and regulations, customs, and standards established in a community by its legislative and judicial authorities. L Law
92%
To cause (something) to change its shape into a curve, by physical force, chemical action, or any other means. B Bend
90%
A thin artificial barrier that separates two pieces of land or forms a perimeter enclosing the lands of a house, building, etc. F Fence
87%
An honour or reward striven for in a competitive contest; anything offered to be competed for, or as an inducement to, or reward of, effort. P Prize
87%
(literature) The literary genre generally dealing with themes of magic and the supernatural, imaginary worlds and creatures, etc. F Fantasy
84%
To bring forth, to yield, make, manufacture, or otherwise generate. P Produce
84%
A sensation, pleasant or unpleasant, detected by inhaling air (or, in the case of water-breathing animals, water) carrying airborne molecules of a substance. S Smell
84%
A person who assists another to practice an ability, especially an athletic ability; a coach. T Trainer
84%
Generally warm, approachable and easy to relate with in character. F Friendly
80%
The gases surrounding the Earth or any astronomical body. A Atmosphere
77%
Of a surface, having low friction, often due to being covered in a non-viscous liquid, and therefore hard to grip, hard to stand on without falling, etc. S Slippery
77%
To incline, deviate, or bend, from a vertical position; to be in a position thus inclining or deviating. L Lean
75%
A sense of one's own worth, and scorn for what is beneath or unworthy of oneself. P Pride
74%
A change of workers, now specifically a set group of workers or period of working time. S Shift
70%
Having excessive pride in oneself, often with contempt or disrespect for others. A Arrogant
69%
According to custom or rules, or to a regular pattern. N Normal
69%
Capable of operating without external control or intervention. A Automatic
62%
A spoken or written remark. C Comment
51%
No matching quizzes found
Score Distribution
Percent of People with Each Score
Percentile by Number Answered
Your Score History
You have not taken this quiz